| 000 | 01230cad a22002175a 4500 | ||
|---|---|---|---|
| 001 | L156760 | ||
| 008 | 120710s2012 xxk f 000 0 eng d | ||
| 035 | _a(Sirsi) u156760 | ||
| 041 | 0 | _aeng | |
| 110 | 2 |
_aChina Greentech Initiative _96092 |
|
| 245 | 0 | 4 |
_aThe China Greentech Report 2012 _bfaced with challenges China accelerates Greentech growth _h[electronic resource] |
| 260 |
_aBeijing _bChina Greentech initiative _c2012 |
||
| 520 | _aThe greentech sector is composed of technological applications which are environmentally friendly due to their construction or purpose. This is the third annual update of recent developments in the greentech sector in China. Analyses four key factors that characterise the challenges and opportunities in China's greentech markets, including how China and global economic forces have impacted greentech growth and how public awareness of urgent environmental problems is growing. | ||
| 590 | _aKA NTK | ||
| 651 | 4 | _aChina | |
| 690 |
_aSustainability _96271 |
||
| 690 |
_aEnvironment _96238 |
||
| 690 |
_aRenewables _96265 |
||
| 856 | 4 | 0 |
_uhttps://www.pwccn.com/webmedia/doc/634726935826046396_cn_greentech_report_may2012.pdf _zView the item free of charge at www.pwccn.com |
| 942 | _n0 | ||
| 999 |
_c114402 _d114402 |
||